000 01106nam a2200229 a 4500
001 BRCA_9080
005 20190320210521.0
008 060917s1777----sp-#######---#000-0#spa-#
041 _aspa
044 _asp
084 _aBE113
_b.F49 1777
100 1 _aFeijoo y Montenegro , Benito Jerónimo
_d1676 - 1764
_922446
245 1 0 _aIlustracion apologetica al primero y segundo tomo del Theatro critico
_bdonde se notan mas de quatrocientos descuidos al autor del Anti-Theatro; y de los setenta, que este imputa al Autor del Theatro Critico, se rebajan los sesenta y nueve y medio
_cescrito por el ilustre señor D. Fr. Benito Geronimo Feyjoo y Montenegro ...
260 _aMadrid
_bPor Pantaleón Aznar, Carrera de San Geronimo
_c1777
300 _a1 v. (en varias paginacione )
_c20.5 x 15 cm
500 _aEn portada: A costa de la Compañía de Impresores, y Libreros del Reyno
500 _aCon las licencias necesarias
500 _aEstado físico: presenta encuadernación en pergamino y cantos decorados
600 1 4 _aFeijoo, Benito Jerónimo
_d1676-1764
_922447
902 _aCFM
942 _2lcc
_cB
999 _c8730
_d8730